000 00326nam a22001457a 4500
020 _a0395326206
082 _a558
100 _aKreitner,R
245 _aManagement
250 _a2nd ed.
260 _aLondon
_bHoughton Mifflin
_c1983
300 _axv,667p.ill. ;charts,tables,pictures,25cm
500 _aindex
942 _cBK
999 _c17306
_d17306